000 00896nam a2200217Ia 4500
003 GCL
008 140319s9999 xx 000 0 ara d
020 _a6864235977
040 _aGCL /
_cGCL
082 0 4 _aق
_b916.2
_bا م
100 1 _aسيد احمد على الناصرى
245 1 0 _aمذكرات رحالة عن المصريين وعاداتهم وتقاليدهم فى الربع الاخير من القرن الثامن عشر :
_bمن خلال وصف الرحالة جون انتيس /
_cسيد احمد على الناصرى
700 1 _aانتيس، جون
260 _aالقاهرة :
_bالمجلس الاعلى للثقافة ،
_c1997
300 _a183 ص ؛
_c18 سم
490 _aالمشروع القومى للترجمة
_v22
650 0 4 _aالرحالة
650 0 4 _aالرحالة الغربيون
650 0 4 _aمصر - وصف ورحلات
942 _2ddc
_cBK
999 _c8783
_d8783